| Tag |
First Indicator |
Second Indicator |
Subfields |
| LEADER |
00000cam a2200000 4500 |
| 001 |
in00000021983 |
| 005 |
20151007063821.0 |
| 008 |
770502s1947 enka b 00010 eng |
| 010 |
|
|
|a 48004844
|
| 035 |
|
|
|a (OCoLC)02934825
|
| 035 |
|
|
|9 AAD8326AM
|
| 040 |
|
|
|a DLC
|c DMM
|d TXA
|d UtOrBLW
|
| 049 |
|
|
|a TXAM
|c [158548]
|
| 050 |
|
0 |
|a TR970
|b .S67 1947
|
| 082 |
0 |
|
|a 777.2
|
| 092 |
|
|
|a 777.2
|b S664p2
|
| 100 |
1 |
|
|a Smith, William Joseph.
|
| 245 |
1 |
0 |
|a Photo-engraving in relief :
|b a textbook intended for the use of apprentices and others interested in the technique of photo-engraving /
|c by W. J. Smith, E. L. Turner and C. D. Hallam.
|
| 250 |
|
|
|a 2d ed.
|
| 264 |
|
1 |
|a London :
|b I. Pitman,
|c 1947.
|
| 300 |
|
|
|a x, 309 pages :
|b illustrations ;
|c 23 cm.
|
| 336 |
|
|
|a text
|b txt
|2 rdacontent
|
| 337 |
|
|
|a unmediated
|b n
|2 rdamedia
|
| 338 |
|
|
|a volume
|b nc
|2 rdacarrier
|
| 504 |
|
|
|a "References": page 298.
|
| 650 |
|
0 |
|a Photoengraving.
|
| 700 |
1 |
|
|a Turner, E. L.
|q (Emma Louisa)
|
| 700 |
1 |
|
|a Hallam, C. D.
|
| 999 |
|
|
|a MARS
|
| 999 |
f |
f |
|s 5d34287f-498f-39c9-8ab4-b737913f0865
|i cbf284e3-62b4-3ff8-957c-0986c68944a7
|t 0
|
| 952 |
f |
f |
|p ric
|a Texas A&M University
|b Rellis Campus
|c Joint Library Facility
|d Remote Storage
|t 0
|e TR970 .S67 1947
|h Library of Congress classification
|i unmediated -- volume
|m A14801161149
|
| 998 |
f |
f |
|a TR970 .S67 1947
|t 0
|l Remote Storage
|